00462cam a2200157ua 45000010005000000080039000050400009000440820013000531000035000662450069001012500009001702600040001793000017002196530024002366530044002603520120306n ii |||gr||||Z||||||asm cMAIN a891.4514 aSarma, Satyendranath,eAuthor.11aAsamiya sahityar samikhyatmak itibritticby Satyendra Nath Sarma a9th. aGuwahati:bSaumar Prakashan,c2006. a511p:c23cm. aAssamese literature aAsamiya sahityar samikhyatmak itibritti